<?xml version="1.0" encoding="UTF-8"?>
<marc:record xmlns:marc="http://www.loc.gov/MARC21/slim">
   <marc:leader>00000nam a2200000 a 4500</marc:leader>
   <marc:datafield ind1="0" ind2="0" tag="245">
      <marc:subfield code="a">Mein Taschengeld</marc:subfield>
   </marc:datafield>
   <marc:datafield ind1=" " ind2="1" tag="264">
      <marc:subfield code="c">2014</marc:subfield>
   </marc:datafield>
   <marc:datafield ind1="1" ind2=" " tag="520">
      <marc:subfield code="a">Heute gehen die Kinder einkaufen, sie dürfen ihr hart verdientes Taschengeld ausgeben.&#xD;
&#xD;
Dabei gibt dir deine Wunschkarte vor, welche Dinge du dir kaufen möchtest. Wer an der Reihe ist würfelt und zieht auf dem Spielplan voran. Davon abhängig, wo man landet, darf man eine Aktion ausführen. Entweder man darf einen Einkauf tätigen, etwas am Flohmarkt verscherbeln oder am eigenen Sparbuch ansparen.&#xD;
&#xD;
Mit diesem Spiel erlernen Kinder einen sicheren Umgang mit ihrem Taschengeld und vertiefen die Rechenkenntnisse. [Verlagstext]</marc:subfield>
   </marc:datafield>
   <marc:datafield ind1="3" ind2=" " tag="024">
      <marc:subfield code="a">4000826063452</marc:subfield>
   </marc:datafield>
   <marc:datafield ind1=" " ind2=" " tag="041">
      <marc:subfield code="a">ger</marc:subfield>
   </marc:datafield>
   <marc:datafield ind1="1" ind2=" " tag="521">
      <marc:subfield code="a">FSK ab 0 freigegeben</marc:subfield>
   </marc:datafield>
   <marc:datafield ind1="1" ind2=" " tag="521">
      <marc:subfield code="a">0</marc:subfield>
   </marc:datafield>
   <marc:datafield ind1=" " ind2=" " tag="338">
      <marc:subfield code="a">Gegenstand</marc:subfield>
   </marc:datafield>
   <marc:datafield ind1=" " ind2=" " tag="300">
      <marc:subfield code="a">1 Spielplan, 6 Spielfiguren (Schweine), 6 Sparmarker, 66 Karten, 1 Würfel, Spielgeld</marc:subfield>
   </marc:datafield>
</marc:record>
